[Event "Tilburg"]
[Site "Tilburg"]
[Date "1994.??.??"]
[Round "1"]
[White "Ionov, Sergey"]
[Black "Almasi, Zoltan"]
[Result "0-1"]
[WhiteElo "2530"]
[BlackElo "2620"]

1.d4 Nf6 2.c4 g6 3.Nf3 Bg7 4.g3 O-O 5.Bg2 d6 6.O-O Nbd7 7.Nc3 e5 8.e4 c6
9.h3 Re8 10.Be3 exd4 11.Nxd4 Nc5 12.Qc2 Qe7 13.Rfe1 Bd7 14.f3 Nh5 15.Kh2 f5
16.exf5 Nxg3 17.fxg6 Nh5 18.gxh7+ Kh8 19.f4 Qh4 20.Nf3 Qg3+ 21.Kg1 Nxf4 22.Bxf4 Qxf4
23.Rxe8+ Rxe8 24.Rd1 Bxh3 25.Qd2 Qg3 26.Qf2 Qxf2+ 27.Kxf2 Bf5 28.Bf1 Rf8
29.Kg2 Bxc3 30.bxc3 Be4 31.Be2 Na4 32.Rxd6 Nxc3 33.Re6 c5 34.Kf2 b6 35.Ke3 Bf5
36.Nh4 Bxh7 37.Bd3 Nd1+ 38.Kd2 Rd8 39.Kxd1 Rxd3+ 40.Ke2 Rd4 41.Re8+ Kg7 42.Nf3 Re4+
43.Rxe4 Bxe4 44.Nd2 Bc2 45.Ke3 Kf6 46.Nf3 Bd1 47.Nd2 Ke5 48.Ne4 Be2 49.Nd2 Bg4
50.Ne4 Be6 51.Nd2 Bg4 52.Ne4 Bh3 53.Nd2 Bg2 54.Nb1 Bh3 55.Nd2 Be6 56.Nf3+ Kd6
57.Nd2 Kc7 58.a3 Kb7 59.Kd3 Ka6 60.Nb3 Bg4 61.Kc3 Bd1 62.Nc1 Ka5 63.Nd3 Be2
64.Nb2 Bf1 65.Kc2 Ka6 66.Kc3 Kb7 67.Nd1 Be2 68.Nf2 Kc7 69.Ne4 Kd7 70.Ng3 Bg4
71.Kd3 Bh3 72.Ke3 Be6 73.Kd3 Kd6 74.Ne4+ Ke5 75.Nc3 Bh3 76.Nb5 Bf1+ 77.Kc3 a5
78.Kb3 Bg2 79.Nc3 Bf3 80.Kc2 Be4+ 81.Kd2 Bc6 82.Ke3 Kd6 83.Kd3 Bg2 84.Na4 Kc6
85.Kc3 Bf1 86.Nb2 Be2 87.Kd2 Bf3 88.Ke3 Bh5 89.Ke4 Bf7 90.Ke3 Be8 91.Nd3 Kd6
92.Nb2 Bc6 93.Nd3 Ba4 94.Kd2 Ke6 95.Nb2 Bd7 96.Ke3 Kf5 97.Nd1 Ba4 98.Nc3 Bb3
99.Nd5 b5 100.Ne7+ Ke6 101.Nc6 Bxc4 102.Nxa5 Bd5  0-1

[Event "Tilburg"]
[Site "Tilburg"]
[Date "1994.??.??"]
[Round "1"]
[White "Karlsson, Lars"]
[Black "Rozentalis, Eduardas"]
[Result "1/2-1/2"]
[WhiteElo "2500"]
[BlackElo "2595"]

1.g3 d5 2.Nf3 c6 3.Bg2 Bg4 4.Ne5 Bh5 5.d4 Nd7 6.O-O e6 7.c4 Bd6 8.cxd5 exd5
9.Nxd7 Qxd7 10.Nc3 Nf6 11.Bg5 Be7 12.Qa4 Bg4 13.Bxf6 Bxf6 14.e4 dxe4 15.Nxe4 Be7
16.Nc5 Bxc5 17.dxc5  1/2-1/2

[Event "Tilburg"]
[Site "Tilburg"]
[Date "1994.??.??"]
[Round "1"]
[White "Khenkin, Igor"]
[Black "Drasko, Milan"]
[Result "1/2-1/2"]
[WhiteElo "2580"]
[BlackElo "2520"]

1.d4 Nf6 2.c4 e6 3.Nf3 Bb4+ 4.Bd2 c5 5.Bxb4 cxb4 6.g3 O-O 7.Bg2 d6 8.O-O a5
9.a3 Na6 10.Nbd2 Re8 11.Ne1 e5 12.Nc2 Qb6 13.c5 dxc5 14.Nc4 Qc7 15.dxe5 Ng4
16.f4 Be6 17.Nd6 b3 18.Nxe8 Rxe8 19.Ne1 Ne3 20.Qd6 Nxf1 21.Kxf1 Rd8 22.Qxc7 Nxc7
23.Bxb7 Rd2 24.Rb1 Bc4 25.Bf3 Nb5 26.Rc1 Nxa3 27.Ra1 Nc2 28.Rxa5 g5 29.Rxc5 g4
30.Bxg4 Ne3+ 31.Kg1 Nxg4 32.Rxc4 Rd1 33.Rc3 Rxe1+ 34.Kg2 h5 35.h3 Rxe2+ 36.Kf3 Rf2+
37.Ke4 Re2+ 38.Kf3  1/2-1/2

[Event "Tilburg"]
[Site "Tilburg"]
[Date "1994.??.??"]
[Round "1"]
[White "Knoppert, Erik G J"]
[Black "Milov, Vadim"]
[Result "1-0"]
[WhiteElo "2380"]
[BlackElo "2590"]

1.e4 c5 2.Ne2 e6 3.Nbc3 a6 4.g3 Nc6 5.Bg2 b5 6.O-O Bb7 7.d3 d6 8.Be3 Nf6
9.h3 Be7 10.Qd2 b4 11.Na4 Qa5 12.b3 d5 13.exd5 Nxd5 14.Bxd5 exd5 15.d4 c4
16.Nc5 Bc8 17.Nf4 O-O 18.Nxd5 Bxc5 19.dxc5 Bxh3 20.Rfe1 c3 21.Qe2 Rae8 22.Qh5 Be6
23.Nb6 f6 24.f4 Ne7 25.Bf2 Bf7 26.Qf3 Nf5 27.g4 Nh6 28.c6 Rb8 29.Nd7 Bd5
30.Qe2 Qc7 31.Rad1 Qxc6 32.Nxb8 Rxb8 33.Rd3 f5 34.Qe5 Rd8 35.Red1 Nxg4 36.Rxd5 Nxe5
37.Rxd8+ Kf7 38.fxe5 Qf3 39.R1d3 Qg4+ 40.Rg3 Qe2 41.Rd7+ Ke6 42.Rgxg7 f4
43.Rd6+ Kf5 44.e6 Qe5 45.Rdd7 Ke4 46.Rxh7 Qf5 47.Rd4+ Ke5 48.e7 Qg6+ 49.Kf1  1-0

[Event "Tilburg"]
[Site "Tilburg"]
[Date "1994.??.??"]
[Round "1"]
[White "Kotronias, Vasilios"]
[Black "Romanishin, Oleg M"]
[Result "1/2-1/2"]
[WhiteElo "2545"]
[BlackElo "2605"]

1.e4 e5 2.Nf3 Nc6 3.Bb5 a6 4.Ba4 Nf6 5.O-O Be7 6.Re1 b5 7.Bb3 d6 8.c3 O-O
9.h3 Na5 10.Bc2 c5 11.d4 Bb7 12.Nbd2 cxd4 13.cxd4 exd4 14.Nxd4 Re8 15.Nf1 Bf8
16.Ng3 Rc8 17.b3 d5 18.e5 Ne4 19.Bb2 Rxe5 20.Ndf5 Re6 21.Bxe4 dxe4 22.Qg4 Rg6
23.Qf4 Qg5 24.Qxg5 Rxg5 25.Rad1 Re8 26.Nd6 Rd8 27.Nxb7 Nxb7 28.Rxd8 Nxd8
29.Rd1 Nc6 30.Nxe4 Rg6 31.Kf1 h6 32.g4 Re6 33.f3 Be7 34.Bc3 Ne5 35.Ke2 Ng6
36.Bd2 Nh4 37.Be1 Ng6 38.Bg3 Rc6 39.Rd7 Rc2+ 40.Rd2 Rc6 41.f4 Nf8 42.f5 f6
43.Kd1 Kf7 44.Bf4 Nh7 45.h4 Nf8 46.Nd6+ Kg8 47.Rd4 g5 48.fxg6 Bxd6 49.Bxd6 Nxg6
50.h5 Ne5 51.Bxe5 fxe5 52.Rd5 Re6 53.Ke2 Kf7 54.Ke3 Kf6 55.Rd8 Rc6 56.Ke4 a5
57.Rg8 Kf7 58.Rb8 Rc2 59.a3 a4 60.Rxb5 axb3 61.Rxb3 Rc4+ 62.Kf3 Rd4 63.Kg3 Ra4
64.Kh4 Kg7 65.Re3 Kf7 66.Rf3+ Kg7 67.Kh3 Kh7 68.Rg3 Kg7 69.Kg2 Kf6 70.Rf3+ Kg7
71.Kf2 Kh7 72.Rg3 Kg7 73.Rf3 Kh7 74.Re3 Kg7  1/2-1/2

[Event "Tilburg"]
[Site "Tilburg"]
[Date "1994.??.??"]
[Round "1"]
[White "Krasenkow, Michal"]
[Black "Luther, Thomas"]
[Result "1/2-1/2"]
[WhiteElo "2595"]
[BlackElo "2510"]

1.Nf3 d5 2.d4 e6 3.c4 c6 4.e3 Nf6 5.Nc3 Nbd7 6.Bd3 dxc4 7.Bxc4 b5 8.Bd3 a6
9.e4 c5 10.d5 c4 11.dxe6 fxe6 12.Bc2 Qc7 13.O-O Bb7 14.Ng5 Nc5 15.e5 Qc6
16.f3 Nfd7 17.Qe2 Be7 18.Kh1 Nd3 19.Bxd3 cxd3 20.Qxd3 Nxe5 21.Qd4 Qc4 22.Qxc4 Nxc4
23.Nxe6 Kf7 24.Nf4 Bf6 25.Ne4 Bxe4 26.fxe4 Rae8 27.Nd5 Kg6 28.a4 Nd6 29.axb5 axb5
30.Nf4+ Kf7 31.Ra7+ Re7 32.Rxe7+ Kxe7 33.Bd2 Bxb2 34.Bb4 Be5 35.Nd3 Ke6 36.Nc5+ Ke7
37.Rd1 Nc4 38.Nb7+ Kf7 39.Nd8+ Kg6 40.Nc6 Ra8 41.h3 Bf6 42.Rd7 Re8 43.Ne7+ Bxe7
44.Bxe7 Ne5 45.Rc7 Nd3 46.Kh2 b4 47.Rb7 b3  1/2-1/2

[Event "Tilburg"]
[Site "Tilburg"]
[Date "1994.??.??"]
[Round "1"]
[White "Krnic, Zdenko"]
[Black "Lobron, Eric"]
[Result "1/2-1/2"]
[WhiteElo "2425"]
[BlackElo "2580"]

1.c4 Nf6 2.Nf3 c5 3.g3 Nc6 4.Bg2 d5 5.cxd5 Nxd5 6.Nc3 Nc7 7.d3 e5 8.Nd2 Bd7
9.O-O Be7 10.Nc4 O-O 11.Bxc6 Bxc6 12.Nxe5 Be8 13.Qb3 b6 14.Be3 Bf6 15.Nf3 Bc6
16.Ne4 Re8 17.Rfd1 Nd5 18.Nxf6+ Qxf6 19.d4 Nxe3 20.fxe3 Bxf3 21.Rf1 cxd4
22.Rxf3 Rxe3 23.Qxe3 dxe3 24.Rxf6 gxf6 25.Kg2 Re8 26.Kf3 Re5 27.Rc1 Kg7 28.Rc3 Kg6
29.Rxe3 Rh5 30.Ra3 a5 31.Rb3 b5 32.a3 Re5  1/2-1/2

[Event "Tilburg"]
[Site "Tilburg"]
[Date "1994.??.??"]
[Round "1"]
[White "Kuijf, Marinus"]
[Black "Eingorn, Vereslav S"]
[Result "1-0"]
[WhiteElo "2425"]
[BlackElo "2585"]

1.e4 e6 2.d4 d5 3.Nd2 a6 4.e5 Bd7 5.Ndf3 Bb5 6.Bxb5+ axb5 7.Ne2 Nd7 8.Qd3 c6
9.Ng5 Be7 10.h4 Qa5+ 11.Bd2 b4 12.Qg3 Nh6 13.Nxe6 fxe6 14.Qxg7 Nf7 15.Nf4 Nf8
16.Rh3 h5 17.Ng6 Rh7 18.Qg8 Nh6 19.Bxh6 Rxh6 20.Nxe7 b3+ 21.c3 Qd8 22.Rg3 Qxe7
23.Rg7 Qxg7 24.Qxg7 Rh7 25.Qg5 Rxa2 26.Rb1 b5 27.Kf1 Raa7 28.Qc1 Ng6 29.Ra1 Nxh4
30.Rxa7 Rxa7 31.Qd1 Rh7 32.Qxb3 Nf5 33.Qa2 Kf7 34.Qa7+ Ne7 35.Kg1 Rg7 36.Kh2 Rg4
37.Qb8 Rg8 38.Qb7 h4 39.Kh3 Rh8 40.Qd7 Rg8 41.Qa7 Rh8 42.Qa1 Nf5 43.Qc1 Rg8
44.Qf4 Rg6 45.Kh2 Rg8 46.Qf3 Rg5 47.Kg1 Ke7 48.Kf1 Kd7 49.Ke1 Rg7 50.Kd2 b4
51.Kc2 bxc3 52.bxc3 Rg8 53.Qh3 Kc7 54.Kd2 Kd7 55.Qf3 Rg5 56.Ke1 Rg8 57.Kf1 c5
58.c4 Rb8 59.Kg1 Nxd4 60.Qf7+ Kc6 61.Qe7 dxc4 62.Qd6+ Kb7 63.Qxc5 Rd8 64.Qb4+ Kc6
65.Qxc4+ Kb6 66.Qb4+ Kc6 67.Qe7 Rd5 68.Qxh4 Kc5 69.Qe4 Nc6 70.f4 Rd4 71.Qf3 Nb4
72.Kh2 Nd5 73.g3 Rd2+ 74.Kh3 Kd4 75.Qg4 Rd3 76.Kh4 Nc7 77.Qg7 Rc3 78.Qd7+ Ke4
79.Kg4 Ke3 80.Kg5 Rc4 81.g4 Rc5 82.Qd6 Rc1 83.Qa3+ Kd2 84.f5  1-0

[Event "Tilburg"]
[Site "Tilburg"]
[Date "1994.??.??"]
[Round "1"]
[White "Lanka, Zigurds"]
[Black "Andersson, Ulf"]
[Result "0-1"]
[WhiteElo "2540"]
[BlackElo "2620"]

1.e4 e6 2.d4 d5 3.Nc3 Nf6 4.Bg5 dxe4 5.Nxe4 Be7 6.Bxf6 gxf6 7.Nf3 b6 8.Bd3 Bb7
9.Qe2 c6 10.O-O-O Qc7 11.Kb1 Nd7 12.c4 O-O-O 13.d5 Kb8 14.dxe6 fxe6 15.Bc2 Rhe8
16.Nd4 Nf8 17.Ng3 Bd6 18.Nh5 Qe7 19.Be4 Rc8 20.f4 f5 21.Bf3 a6 22.Qd3 Red8
23.Qb3 Bc5 24.Ne2 Rxd1+ 25.Rxd1 Rd8 26.a3 Rxd1+ 27.Qxd1 a5 28.Nc1 Qd6 29.Qc2 Nd7
30.h3 Be3 31.Ne2 Nc5 32.g4 fxg4 33.hxg4 a4 34.Ka2 Ba6 35.Qc3 Qd3 36.Qxd3 Nxd3
37.b3 Kc7 38.Nf6 h6 39.Ne8+ Kd7 40.Nf6+ Kc7 41.Ne8+ Kd7 42.Nf6+ Kd6 43.Ne4+ Ke7
44.g5 axb3+ 45.Kxb3 hxg5 46.Nxg5 Nxf4 47.Nxf4 Bxf4 48.Nh3 Be3 49.Bxc6 Kd6
50.Bg2 Kc5 51.Bf1 Kd4 52.Be2 e5 53.Bf1 Bc8 54.Kb4 Bd7 55.a4 Ke4 56.Bg2+ Kd3
57.a5 Bc5+ 58.Kb3 bxa5 59.Nf2+ Bxf2  0-1

[Event "Tilburg"]
[Site "Tilburg"]
[Date "1994.??.??"]
[Round "1"]
[White "Lobron, Eric"]
[Black "Krnic, Zdenko"]
[Result "1-0"]
[WhiteElo "2580"]
[BlackElo "2425"]

1.d4 Nf6 2.c4 g6 3.Nc3 d5 4.cxd5 Nxd5 5.e4 Nxc3 6.bxc3 Bg7 7.Nf3 O-O 8.Be2 c5
9.Rb1 Nc6 10.d5 Bxc3+ 11.Bd2 Bxd2+ 12.Qxd2 Nd4 13.Nxd4 cxd4 14.Qxd4 Qa5+
15.Qd2 Qxd2+ 16.Kxd2 f5 17.Rhc1 fxe4 18.Rc7 Kf7 19.Rb4 Rd8 20.Ke3 Kf6 21.Rxe4 Rxd5
22.Rexe7 Be6 23.f4 Ra5 24.g4 Ra3+ 25.Kf2 b6 26.g5+ Kf5 27.Rc6 Kxf4 28.Rcxe6 Kxg5
29.Rxh7 Rf8+ 30.Ke1 Rxa2 31.Bd3 Rd8 32.Rxg6+ Kf4 33.Rh4+ Ke5 34.Rg5+ Kf6
35.Rf5+ Ke6 36.Rh6+ Ke7 37.Bc4 Ra1+ 38.Ke2 Rd4 39.Rf7+  1-0

[Event "Tilburg"]
[Site "Tilburg"]
[Date "1994.??.??"]
[Round "1"]
[White "Luther, Thomas"]
[Black "Krasenkow, Michal"]
[Result "1-0"]
[WhiteElo "2510"]
[BlackElo "2595"]

1.e4 e5 2.Nf3 Nc6 3.Bb5 a6 4.Bxc6 bxc6 5.O-O Qf6 6.d4 exd4 7.Nxd4 Bb7 8.Nc3 O-O-O
9.Rb1 Ne7 10.b4 d5 11.Be3 Qg6 12.e5 Nf5 13.Nxf5 Qxf5 14.Bd4 h5 15.Na4 Rh6
16.Re1 Rg6 17.Rb3 a5 18.Bc5 Qg4 19.Rg3 Qc4 20.Rxg6 fxg6 21.a3 axb4 22.axb4 Bxc5
23.Nxc5 Qxb4 24.Nd3 Qc3 25.e6 Ba6 26.Qa1 Qxa1 27.Rxa1 Kb7 28.Nc5+ Kb6 29.Nxa6 c5
30.Nb8 c4 31.Nd7+  1-0

[Event "Tilburg"]
[Site "Tilburg"]
[Date "1994.??.??"]
[Round "1"]
[White "Magerramov, Elmar"]
[Black "Sermek, Drazen"]
[Result "1/2-1/2"]
[WhiteElo "2580"]
[BlackElo "2515"]

1.d4 d5 2.c4 dxc4 3.Nf3 c5 4.Nc3 cxd4 5.Qxd4 Qxd4 6.Nxd4 e5 7.Ndb5 Na6 8.e4 Be6
9.Be3 Nf6 10.f3 Bb4 11.O-O-O Bxc3 12.bxc3 Ke7 13.Be2 Nd7 14.Nd6 Nac5 15.Bxc4 Bxc4
16.Nxc4 Rhc8 17.Nd6 Rc6 18.Nf5+ Kf8 19.Rd6 Rxd6 20.Nxd6 g6 21.Rd1 Ke7 22.Kc2 b6
23.Nb5 Ne6 24.c4 Rc8 25.Nxa7 Rxc4+ 26.Kb3 Rc7 27.Nb5 Rc8 28.Nc3 Nec5+ 29.Kb2 Ke6
30.g4 Rh8 31.Nb5 h5 32.g5 Rc8 33.Nc3 Ra8 34.Nd5 Ra7 35.Rd2 Ra4 36.a3 Ra7
37.Ka2 Rb7 38.Rc2 Kd6 39.Bd2 Ne6 40.Bb4+ Ndc5 41.Rc3 h4 42.Rc1 Rb8 43.Rd1 Kc6
44.Bd2 Nd4 45.Rf1 Ra8 46.Nb4+ Kd6 47.Bc3 Nce6 48.f4 exf4 49.Bxd4 Nxd4 50.Rxf4 Nb5
51.Rf6+ Ke5 52.Rxb6 Rxa3+ 53.Kb2 Rh3 54.Rxb5+ Kxe4 55.Rb7 Rxh2+ 56.Kc3 Rg2
57.Rxf7 Rxg5 58.Nd3 Rf5 59.Re7+ Kf3 60.Kd2 g5 61.Re3+ Kg2 62.Ke2 g4 63.Re4 Kg3
64.Ne5 Rf4  1/2-1/2

[Event "Tilburg"]
[Site "Tilburg"]
[Date "1994.??.??"]
[Round "1"]
[White "Marin, Mihail"]
[Black "Yermolinsky, Alex"]
[Result "1/2-1/2"]
[WhiteElo "2520"]
[BlackElo "2590"]

1.d4 e6 2.g3 Nf6 3.Bg2 c5 4.Nf3 Qa5+ 5.Nbd2 cxd4 6.O-O Nc6 7.Nb3 Qc7 8.Nfxd4 d5
9.Nxc6 bxc6 10.c4 Bd6 11.Bg5 O-O 12.Rc1 Qe7 13.Na5 Bd7 14.e4 Rac8 15.Qe2 h6
16.Bxf6 Qxf6 17.cxd5 cxd5 18.exd5 exd5 19.Bxd5 Rc5 20.Rxc5 Bxc5 21.Nc4 Re8
22.Qf3 Qxf3 23.Bxf3 Be6 24.b3 Rd8 25.Rc1 g5 26.g4 h5 27.h3 hxg4 28.hxg4 Rd4
29.Ne3 Bb6 30.Rd1 Kg7 31.Rxd4 Bxd4 32.Nf5+  1/2-1/2

[Event "Tilburg"]
[Site "Tilburg"]
[Date "1994.??.??"]
[Round "1"]
[White "Mecking, Henrique"]
[Black "Dreev, Alexey"]
[Result "1/2-1/2"]
[WhiteElo "2575"]
[BlackElo "2650"]

1.d4 d5 2.c4 c6 3.Nf3 Nf6 4.Nc3 a6 5.e3 b5 6.cxd5 cxd5 7.Bd3 Bg4 8.e4 e6
9.Bg5 Be7 10.Bxf6 Bxf6 11.exd5 exd5 12.Qe2+ Kf8 13.Nxd5 Nc6 14.Qe4 Bxf3 15.gxf3 Qd6
16.Nxf6 Qxf6 17.O-O-O g6 18.Qe3 Nxd4 19.Be4  1/2-1/2

[Event "Tilburg"]
[Site "Tilburg"]
[Date "1994.??.??"]
[Round "1"]
[White "Milov, Vadim"]
[Black "Knoppert, Erik G J"]
[Result "1-0"]
[WhiteElo "2590"]
[BlackElo "2380"]

1.d4 d5 2.c4 e6 3.Nc3 Be7 4.cxd5 exd5 5.Bf4 Nf6 6.e3 O-O 7.Bd3 c5 8.Nf3 Nc6
9.O-O Bg4 10.dxc5 Bxc5 11.h3 Bh5 12.g4 Bg6 13.Bxg6 hxg6 14.g5 d4 15.gxf6 dxc3
16.fxg7 Kxg7 17.Qc2 Be7 18.Rad1 Qc8 19.Qxc3+ Bf6 20.Bh6+ Kxh6 21.Qxf6 Qxh3
22.Rd5 Qg4+ 23.Kh2 Rae8 24.Nh4 Ne5 25.Rd4 Qxd4 26.Nf5+ Kh5 27.Ng3+ Kh6 28.Kg2  1-0

[Event "Tilburg"]
[Site "Tilburg"]
[Date "1994.??.??"]
[Round "1"]
[White "Mozetic, Dejan"]
[Black "Piket, Jeroen"]
[Result "1-0"]
[WhiteElo "2550"]
[BlackElo "2640"]

1.d4 d5 2.c4 e6 3.Nc3 c6 4.e3 Nd7 5.Qc2 Ngf6 6.Nf3 Bd6 7.g4 Nxg4 8.Rg1 Qf6
9.Rxg4 Qxf3 10.Rxg7 Nf8 11.Rg1 Ng6 12.Be2 Qf6 13.Bd2 Bd7 14.O-O-O Bxh2 15.Rg2 Bc7
16.Kb1 Nh4 17.Rgg1 Nf3 18.Bxf3 Qxf3 19.e4 O-O-O 20.Bg5 Rdg8 21.e5 Rg6 22.Rg3 Qh5
23.Rdg1 h6 24.Bf6 Rhg8 25.c5 Bd8 26.Bxd8 Kxd8 27.a3 Ke7 28.Ne2 Rxg3 29.Rxg3 Rxg3
30.fxg3 Qh1+ 31.Ka2 Qf3 32.Qd2 Be8 33.Nc3 Qf1 34.Ne2 Qf2 35.Qd3 h5 36.Nc3 f5
37.exf6+ Kxf6 38.Nd1 Bg6 39.Nxf2 Bxd3 40.Nxd3 Kf5 41.Nf2 e5 42.dxe5 Kxe5
43.Kb3 Kd4 44.Nh3 Ke3 45.Nf4 h4 46.Ng2+ Ke2 47.gxh4 d4 48.h5 Kf3 49.Ne1+  1-0

[Event "Tilburg"]
[Site "Tilburg"]
[Date "1994.??.??"]
[Round "1"]
[White "Nenashev, Alexander"]
[Black "Nijboer, Friso"]
[Result "1-0"]
[WhiteElo "2575"]
[BlackElo "2510"]

1.d4 Nf6 2.c4 g6 3.Nc3 Bg7 4.e4 d6 5.f3 O-O 6.Be3 e5 7.d5 Nh5 8.Qd2 f5 9.O-O-O a6
10.Kb1 Nf6 11.h3 f4 12.Bf2 Nbd7 13.Bd3 Nh5 14.Nge2 Bf6 15.Qe1 Be7 16.Nc1 Ng7
17.Bc2 g5 18.Nd3 h5 19.Ba4 Rf7 20.c5 Nf8 21.b4 Ng6 22.Bb3 Ne8 23.Na4 g4 24.hxg4 hxg4
25.cxd6 Bxd6 26.Nac5 g3 27.Bg1 b6 28.Ne6 Qf6 29.Nb2 a5 30.bxa5 bxa5 31.Qc3 Bd7
32.Nc5 Nf8 33.a4 Bc8 34.Nc4 Qg6 35.Nxe5  1-0

[Event "Tilburg"]
[Site "Tilburg"]
[Date "1994.??.??"]
[Round "1"]
[White "Nijboer, Friso"]
[Black "Nenashev, Alexander"]
[Result "1-0"]
[WhiteElo "2510"]
[BlackElo "2575"]

1.e4 e5 2.Nf3 Nc6 3.Nc3 Nf6 4.Bb5 Bb4 5.O-O Bxc3 6.bxc3 d6 7.Re1 Bd7 8.Rb1 a6
9.Bf1 b6 10.d4 O-O 11.h3 h6 12.g3 Re8 13.d5 Na5 14.c4 Nb7 15.Nd2 Nh7 16.Bg2 Ng5
17.Kh2 Qf6 18.Rf1 Qg6 19.f4 exf4 20.gxf4 Nxe4 21.Nxe4 Rxe4 22.Bxe4 Qxe4 23.Rb3 Bf5
24.Rc3 Qe8 25.Re1 Qd7 26.Bb2 Rf8 27.Rce3 Qa4 28.Qd4 f6 29.R1e2 Rf7 30.Rg3 Kh7
31.Reg2 Qd7 32.Re2 a5 33.Qe3 Nc5 34.Qe8 Qxe8 35.Rxe8 Bxc2 36.Bd4 Ne4 37.Re3 f5
38.h4 Ba4 39.Rd8 Kg6 40.Kh3  1-0

[Event "Tilburg"]
[Site "Tilburg"]
[Date "1994.??.??"]
[Round "1"]
[White "Olafsson, Helgi"]
[Black "Zvjaginsev, Vadim"]
[Result "1/2-1/2"]
[WhiteElo "2520"]
[BlackElo "2585"]

1.d4 e6 2.c4 b6 3.e4 Bb7 4.Bd3 Nc6 5.Nf3 Nb4 6.Nc3 Nxd3+ 7.Qxd3 Ne7 8.O-O Ng6
9.Bd2 Be7 10.Rad1 O-O 11.Rfe1 d6 12.d5 Bf6 13.b3 Bxc3 14.Qxc3 e5 15.b4 h6
16.Be3 f5 17.exf5 Rxf5 18.Nd2 Qh4 19.f3 Rh5 20.Nf1 Rf8 21.Bf2 Qg5 22.Ng3 Nf4
23.Rd2 Rh4 24.Re4 c6 25.Be3 cxd5 26.cxd5 Rc8 27.Qb2 Kh8 28.b5 Rf8 29.a4 Qg6
30.Qb3 Qf7 31.Bxf4 Rxf4 32.Rxf4 Qxf4 33.Ne4 Rc8 34.g3 Qf8 35.Kg2 Qe7 36.Qa3 Rf8
37.h3 Qc7 38.Qb3 Qf7 39.Qc4 Qd7 40.Qb3 Bc8 41.g4 Bb7 42.Qa3 Qf7 43.Qb3 Kg8
44.Rd3 h5 45.Rd2 Qf4 46.Rc2 Qf7 47.Rd2 h4 48.Qe3 Qg6 49.Qf2 Qh6  1/2-1/2

[Event "Tilburg"]
[Site "Tilburg"]
[Date "1994.??.??"]
[Round "1"]
[White "Pigusov, Evgeny"]
[Black "Van der Werf, Mark"]
[Result "1-0"]
[WhiteElo "2575"]
[BlackElo "2430"]

1.Nf3 d5 2.g3 c6 3.Bg2 Bg4 4.b3 Nd7 5.Bb2 Ngf6 6.d3 e6 7.O-O Bc5 8.Nbd2 Qe7
9.a3 O-O 10.h3 Bh5 11.e4 Ne8 12.b4 Bb6 13.c4 dxe4 14.dxe4 Rd8 15.c5 Bxf3
16.Qxf3 Bc7 17.Nc4 b5 18.Ne3 Be5 19.Qe2 Bxb2 20.Qxb2 Qf6 21.Qc2 Nc7 22.Rad1 a5
23.Rd6 Nb8 24.Ng4 Qe7 25.Rfd1 axb4 26.axb4 e5 27.h4 h5 28.Ne3 Ne6 29.Nf5 Qf6
30.Bh3 g6 31.Ne3 Rde8 32.Qa2 Kg7 33.R1d2 Kh7 34.Qb2 Kg7 35.Nd5 cxd5 36.exd5 Re7
37.dxe6 fxe6 38.Re2 Nd7 39.Qd2 Rff7 40.Bxe6 Rxe6 41.Rxd7 Ree7 42.Rxe7 Rxe7
43.Qd3 Qc6 44.Qd6 Qe8 45.Ra2 e4 46.Ra8 Qxa8 47.Qxe7+ Kg8 48.Qe6+ Kg7 49.c6 e3
50.Qe7+ Kg8 51.c7 exf2+ 52.Kxf2 Qa2+ 53.Ke3 Qb3+ 54.Kf4 Qc4+ 55.Kg5 Qd5+
56.Kh6  1-0

[Event "Tilburg"]
[Site "Tilburg"]
[Date "1994.??.??"]
[Round "1"]
[White "Razuvaev, Yuri S"]
[Black "Chernin, Alexander"]
[Result "1/2-1/2"]
[WhiteElo "2550"]
[BlackElo "2615"]

1.d4 d5 2.c4 c6 3.Nf3 Nf6 4.Nc3 dxc4 5.a4 Bf5 6.e3 e6 7.Bxc4 Bb4 8.O-O Nbd7
9.Qe2 Bg4 10.h3 Bxf3 11.Qxf3 O-O 12.Rd1 Rc8 13.Bd3 Re8 14.Bd2 a6 15.Ne4 Qa5
16.Qe2 Nxe4 17.Bxe4 Rcd8 18.Bxb4 Qxb4 19.Qc2 Nf6 20.Bf3 Rd7 21.Rdc1 e5 22.Qc3 Qe7
23.dxe5 Qxe5 24.b4 h6 25.Rab1 Qxc3 26.Rxc3 Ne4 27.Rc2 g6 28.Rbb2 Nd6 29.g4 Re5
30.a5  1/2-1/2

[Event "Tilburg"]
[Site "Tilburg"]
[Date "1994.??.??"]
[Round "1"]
[White "Ree, Hans"]
[Black "Morozevich, Alexander"]
[Result "1-0"]
[WhiteElo "2440"]
[BlackElo "2575"]

1.d4 d5 2.Nf3 Nc6 3.g3 g6 4.Bg2 Bg7 5.O-O e6 6.c3 Nge7 7.Nbd2 f5 8.b4 O-O
9.b5 Na5 10.a4 a6 11.Ba3 axb5 12.axb5 Bd7 13.Qb1 b6 14.Rc1 Re8 15.e3 Nc8
16.Ne5 Nd6 17.Bxd6 cxd6 18.Nxd7 Qxd7 19.c4 Rac8 20.cxd5 e5 21.dxe5 Bxe5 22.Ra2 Rxc1+
23.Qxc1 Rc8 24.Rc2 Rxc2 25.Qxc2 Qxb5 26.Qc8+ Kg7 27.h4 h6 28.h5 gxh5 29.Qxf5 Qe8
30.Be4 Qf7 31.Qh7+ Kf8 32.Qxh6+ Ke7 33.Qg5+ Bf6 34.Qf5 Bc3 35.Nb1 Qxf5 36.Bxf5 Bf6
37.Na3 Nb3 38.Kg2 Nc1 39.Bg6 h4 40.g4 Na2 41.Bd3 Nc3 42.Bc4 Ne4 43.f3 Nc3
44.f4 Nd1 45.Nc2 Bb2 46.Kh3 Bc1 47.Kxh4 Nxe3 48.Nxe3 Bxe3 49.Kg3 b5 50.Bxb5 Bd2
51.g5 Be3 52.Kg4 Bd2 53.f5 Kf7 54.f6  1-0

[Event "Tilburg"]
[Site "Tilburg"]
[Date "1994.??.??"]
[Round "1"]
[White "Reinderman, Dimitri"]
[Black "Alterman, Boris"]
[Result "0-1"]
[WhiteElo "2450"]
[BlackElo "2585"]

1.e4 e5 2.Nf3 Nf6 3.Nc3 Bb4 4.Nxe5 O-O 5.Be2 Re8 6.Nc4 Nxe4 7.Nxe4 Rxe4 8.c3 Bf8
9.d4 Re8 10.Bf4 d5 11.Ne3 c6 12.Bd3 Be6 13.Qh5 g6 14.Qf3 c5 15.dxc5 d4 16.cxd4 Qxd4
17.Rd1 Qb4+ 18.Kf1 Nc6 19.Bd6 Bxd6 20.cxd6 Rad8 21.Qg3 Rxd6 22.Nc2 Qc5 23.Qe3 Rxd3  0-1

[Event "Tilburg"]
[Site "Tilburg"]
[Date "1994.??.??"]
[Round "1"]
[White "Ribli, Zoltan"]
[Black "Ftacnik, Lubomir"]
[Result "1/2-1/2"]
[WhiteElo "2605"]
[BlackElo "2570"]

1.d4 Nf6 2.Nf3 g6 3.c4 Bg7 4.g3 d5 5.Bg2 O-O 6.cxd5 Nxd5 7.O-O Nb6 8.Nc3 Nc6
9.d5 Na5 10.Qc2 Nxd5 11.Rd1 c6 12.Ne1 Bd7 13.Nxd5 cxd5 14.Rxd5 e6 15.Rd3 Rc8
16.Qd1 Rc7 17.Bf4 e5 18.Bg5 Qe8 19.Rc1 Rxc1 20.Bxc1 Be6 21.b3 e4 22.Bxe4 Bxb3
23.axb3 Qxe4 24.Nf3 h6 25.Be3 Nc6 26.Rd7 b6 27.Qc1 Na5 28.Nd2 Qe6 29.Rxa7 Nxb3
30.Nxb3 Qxb3 31.Qc6 Qd1+ 32.Kg2 Qxe2  1/2-1/2

[Event "Tilburg"]
[Site "Tilburg"]
[Date "1994.??.??"]
[Round "1"]
[White "Riemersma, Liafbern"]
[Black "Serper, Grigory"]
[Result "1-0"]
[WhiteElo "2440"]
[BlackElo "2575"]

1.d4 d5 2.c4 c6 3.Nf3 Nf6 4.Nc3 e6 5.e3 Nbd7 6.Bd3 dxc4 7.Bxc4 b5 8.Bd3 a6
9.e4 c5 10.e5 cxd4 11.Nxb5 axb5 12.exf6 Bb7 13.O-O gxf6 14.Nxd4 Rg8 15.g3 Ne5
16.Bxb5+ Ke7 17.Be3 Qd5 18.f3 f5 19.Be2 Bg7 20.Qd2 Ra4 21.Rad1 f4 22.Qc2 Rxd4
23.Bxd4 Nxf3+ 24.Bxf3 Bxd4+ 25.Kg2 Qd7 26.Qxh7 Qb5 27.Qh4+ Bf6 28.Qxf4 Qxb2+
29.Rf2 Qb6 30.Bxb7 Qxb7+ 31.Kg1 Rg6 32.Qd6+ Ke8 33.Rxf6  1-0

[Event "Tilburg"]
[Site "Tilburg"]
[Date "1994.??.??"]
[Round "1"]
[White "Romanishin, Oleg M"]
[Black "Kotronias, Vasilios"]
[Result "1/2-1/2"]
[WhiteElo "2605"]
[BlackElo "2545"]

1.d4 Nf6 2.Nf3 g6 3.g3 Bg7 4.Bg2 O-O 5.c4 d6 6.O-O Nbd7 7.d5 Nb6 8.Na3 Bd7
9.Nd4 Qc8 10.Re1 c6 11.dxc6 bxc6 12.Bd2 Ng4 13.Bc3 Ne5 14.Rc1 Re8 15.Nf3 Bh3
16.Nxe5 dxe5 17.Bh1 Rd8 18.Qc2 Bf5 19.e4 Bg4 20.c5 Nd7 21.Ba5 Re8 22.Nc4 Nxc5
23.Nxe5 Bxe5 24.Qxc5 Bxb2 25.Rc2 Bg7 26.e5 Qf5 27.Be4 Qh5 28.Bxc6 Rac8 29.Bxe8 Rxc5
30.Rxc5 Be6 31.Bc6 Qg4 32.a3 Qd4 33.Bb4 h5 34.Rcc1 Bxe5 35.Bc3 Qxc3 36.Rxc3 Bxc3
37.Rb1 Bd4 38.a4 Bb6 39.Rd1 Kg7 40.Bd5 Bg4 41.Rc1 Bh3 42.Ra1 Bd4 43.Ra2 a5
44.Rc2 Bf5 45.Rc4 Bb6 46.Rc6 Bd4 47.Kg2 g5 48.Rc7 Kf6 49.Rc4 e5 50.Rc6+ Kg7
51.h3 g4 52.hxg4 hxg4 53.Ra6 Bc3 54.Ra7 Bg6 55.Be6 Bh5 56.Kf1 Kf6 57.Bc4 Bg6
58.Ke2 Bb4 59.Rb7 Bc3 60.Rc7 Bb4 61.Bd3 e4 62.Bc4 Bd6 63.Ra7 Bb4 64.Bd5 Ke5
65.Bxf7 Bf5 66.Bc4 Kd4 67.Bb5 Be6 68.Rg7 Bf8 69.Rg6 Ke5 70.Rg5+ Kf6 71.Rh5 Bf5
72.Rh8 Bb4 73.Rd8 Be7 74.Rd1 Be6 75.Rc1 Ke5 76.Bc4 Ba3 77.Rc2 Bf5 78.Rd2 Bb4
79.Rd1 Kf6 80.Rd8 Be7 81.Rb8 Bd7 82.Bd5 Bxa4 83.Bxe4 Bd7 84.Rb7 Be6 85.Bc2 Bd5
86.Ra7 Bf3+ 87.Kf1 Bb4 88.Bd3 Bd5 89.Be2 Be6  1/2-1/2

[Event "Tilburg"]
[Site "Tilburg"]
[Date "1994.??.??"]
[Round "1"]
[White "Rozentalis, Eduardas"]
[Black "Karlsson, Lars"]
[Result "1/2-1/2"]
[WhiteElo "2595"]
[BlackElo "2500"]

1.e4 c5 2.c3 e6 3.d4 d5 4.e5 Qb6 5.Nf3 Bd7 6.Be2 Ne7 7.O-O Nf5 8.Bd3 Bb5
9.c4 Bxc4 10.Bxc4 dxc4 11.d5 exd5 12.Qxd5 Be7 13.Re1 Qc6 14.Qxc4 Qe6 15.Qb5+ Nc6
16.Bg5 O-O 17.Bxe7 Qxe7 18.Nc3 Nfd4 19.Nxd4 Nxd4 20.Nd5 Qg5 21.Qd3 Rad8 22.f4 Qg4
23.Qe4 Rfe8 24.Nc3  1/2-1/2

[Event "Tilburg"]
[Site "Tilburg"]
[Date "1994.??.??"]
[Round "1"]
[White "Ruban, Vadim"]
[Black "Smirin, Ilia"]
[Result "1/2-1/2"]
[WhiteElo "2560"]
[BlackElo "2615"]

1.d4 d6 2.e4 g6 3.f4 Bg7 4.Nf3 Bg4 5.c3 Nf6 6.h3 Bd7 7.Bd3 O-O 8.O-O Na6
9.e5 Nd5 10.c4 Nb6 11.Nc3 c5 12.d5 e6 13.a3 Nc7 14.exd6 Ne8 15.Be3 exd5 16.Bxc5 dxc4
17.Be4 Qc8 18.Bd4 Nf6 19.Qd2 Rd8 20.Be5 Bc6 21.Bxc6 Qxc6 22.Rad1 Nbd7 23.Qd4 Re8
24.Rfe1 a6 25.Bxf6 Bxf6 26.Ne5 Qb6 27.Qxb6 Nxb6 28.d7 Re6 29.Ne4 Be7 30.Ng5 Bxg5
31.fxg5 Rd8 32.Ng4 Rxe1+ 33.Rxe1 Kf8 34.Ne5 Nxd7 35.Rd1 Ke7 36.Nxc4 b5 37.Re1+ Kf8
38.Ne5 Nxe5 39.Rxe5 Rd2 40.b4 Rd3 41.a4 bxa4 42.Ra5 Rd6 43.Rxa4 Ke7 44.Ra5 Rb6
45.Kf2 Kd7 46.Ke3 Kc7 47.Rc5+ Kb7 48.Rc4 f6  1/2-1/2